000 00768nam a2200181 i 4500
001 38766
003 ES-MaACL
005 20230906155821.0
007 t|
008 030226s1907 sp ||||1| spa d
100 0 _aCalvet, Eduardo.
_933806
245 1 0 _aAgrupaciones de hiladores y tejedores del Fomento del Trabajo Nacional adheridas a la Federación Internacional de Asociaciones de Industrias Algodoneras
_b: memoria del congreso celebrado en Viena ... 1907 /
_credactado por los congresistas Eduardo Calvert, y Joaquín Aguilera.
260 _aBarcelona :
_b[s.n.],
_c1907 (
_fVda. de Domingo Casanovas)
300 _a319 p. ;
_c23 cm.
650 0 4 _aIndustria algodonera-
_vCongresos.
_913718
700 1 _aAguilera, Joaquín.
_918761
852 _aES-MaACL
_jG-9972
999 _c38766
_d38766